Statistics for Libya Country Quiz

Click here to take the quiz!

General Stats

  • This quiz has been taken 26 times
  • The average score is 9 of 15

Answer Stats

HintAnswer% Correct
Capital CityTripoli
100%
Official LanguageArabic
100%
Continent it lies onAfrica
96%
Second-largest CityBenghazi
88%
Country that set up a colony in Libya between 1911-1947Italy
88%
Sea to it's northMediterranean Sea
85%
Country along it's southernmost borderChad
81%
CurrencyDinar
69%
Cyrenaica
35%
Tripolitania
31%
Country sends troops in late December 2019Turkey
31%
Three RegionsFezzan
27%
He was the leader of resistance against Italian colonizationOmar Mukhtar
19%
Name of this colonyItalian North Africa
8%
Cyrene, an ancient Roman city, is now covered by this cityShahat
8%

Score Distribution

Percentile by Number Answered

Percent of People with Each Score

Your Score History

You have not taken this quiz